000 01186nam a2200301 i 4500
001 5717
003 ES-MaACL
005 20250302192022.0
007 t|
008 890425s1988 sp e |||| | spa d
020 _a84-86938-01-5
080 _a513.1(464.1)"17"
080 _a711(464.1)"17"
080 _a9(464.1)"17"
100 1 _aRibas, Antonio de las.
_996718
245 1 0 _aPlanimetría general de Madrid /
_cAntonio de las Ribas delineavit.
260 _a[Madrid] :
_bTabapress para Tabacalera,
_c1988.
300 _a2 v. :
_bplanos ;
_c35 cm + 1 plano.
500 _aReprod. de los planos originales, realizados entre 1757 y 1767, que se conservan en el Archivo General de Simancas.
500 _aEn anejo: Plano geométrico de Madrid realizado por Tomás López (1731-1802) en 1785.
505 8 _aContiene: 1 ;
_tPlanos - 2 ;
_tAsientos
600 1 4 _aRibas, Antonio de las.
_tPlanimetría general de Madrid-
_vFacsímiles.
_996719
651 4 _aMadrid-
_xPlanos-
_yS.XVIII.
_98978
700 0 _aLópez, Tomás,
_d1730?-1802
_973373
710 2 _aTabacalera S.A.
_96900
852 _aES-MaACL
_jL-12557-58
_z- Enc. guafl. con hierros dorados
999 _c5717
_d5717